| 000 | 01849cam a2200409 i 4500 | ||
|---|---|---|---|
| 001 | 17724921 | ||
| 003 | NUST | ||
| 005 | 20221227151349.0 | ||
| 007 | ta | ||
| 008 | 130121s2013 ii b 001 0 eng d | ||
| 010 | _a 2013316898 | ||
| 016 | 7 |
_a016281801 _2Uk |
|
| 020 | _a9788182746756 | ||
| 020 | _a8182746752 | ||
| 025 | _aI-E-2013-316898; 62-90; 63-90 | ||
| 035 | _a(OCoLC)ocn827491043 | ||
| 035 | _a(OCoLC)827491043 | ||
| 037 | _aLibrary of Congress -- New Delhi Overseas Office | ||
| 040 |
_aDKAGE _beng _cDKAGE _dOCLCO _dUKMGB _dDLC _erda |
||
| 042 |
_alccopycat _alcode |
||
| 043 | _aa-ii--- | ||
| 050 | 0 | 0 |
_aU241 _b.N36 2013 |
| 082 | 0 | 4 |
_a355.02180954,NAN _223 |
| 100 | 1 |
_aNanavatty, Rostum K., _eauthor. _9106089 |
|
| 245 | 1 | 0 |
_aInternal armed conflict in India : _bforging a joint civil-military approach / _cRostum K. Nanavatty. |
| 264 | 1 |
_aNew Delhi : _bPentagon Press, _c2013. |
|
| 300 |
_axviii, 246 pages ; _c24 cm |
||
| 336 |
_atext _2rdacontent |
||
| 337 |
_aunmediated _2rdamedia |
||
| 338 |
_avolume _2rdacarrier |
||
| 505 | _aInternal Armed Conflict in General (Page-5), Internal Armed Conflict in India (Page-34), The Constitution and Domestic Law (Page-60), Civil Instruments of Force (Page-75), The Army (Page-87), Characteristics of the State's Response (Page-130), Fundamental Principles Revisited (Page-156), Restructuring and Reorganizing Security Forces (Page-166), Applying the Fundamental: Creating the Conditions for Success (Page-185), Coordinating Machinery: Structure and Organisation for Management of Internal Armed Conflict (Page-200). | ||
| 650 | 0 |
_aInsurgency _zIndia. _948758 |
|
| 650 | 0 |
_aCounterinsurgency _zIndia. _9106090 |
|
| 650 | 0 |
_aCivil-military relations _zIndia. _9106091 |
|
| 710 | 2 |
_aCentre for Land Warfare Studies (New Delhi, India) _93886 |
|
| 942 |
_2ddc _cBK _k355.0210954,NAN |
||
| 999 |
_c592819 _d592819 |
||